00808nam a2200217 a 450000100100000000500170001000800410002704000130006808200170008110000480009824500480014625000130019426000420020730000280024965000260027765000300030304900090033395201140034295201190045699900150057500000855120200929161349.0090917s1998 dr a 000 0 spa d aDO-SdBNP a843.7bD886d1 aDumas, Alejandro,c(hijo)d1824-189592291913aLa dama de las camelias /cAlejandro Dumas. a4ta. ed. aSanto Domingo :bAlfa y Omega,c1998. a169 p. :bil. ;c21 cm. 4aNovela francesa91075 4aLiteratura francesa91074 aBNPD 0010718PDaPDbPDcCTd2009-09-17iLF1l0o843.7 D886dp8551-10r2020-06-25w2020-06-25yLFPDZNo se presta 0010718PDaPDbPDcCTd2009-09-17iLF1l0o843.7 D886dp8551-20r2020-06-25te.2w2020-06-25yLFPDZNo se presta c8321d8321